Απομνημονεύματα
Αποθηκεύτηκε σε:
| Κύριος συγγραφέας: | |
|---|---|
| Άλλοι συγγραφείς: | , |
| Μορφή: | Βιβλίο |
| Γλώσσα: | Greek |
| Δημοσίευση: |
[Αθήνα] :
Μπάυρον,
[χ.χ.].
|
| Θέματα: | |
| Ετικέτες: |
Προσθήκη ετικέτας
Δεν υπάρχουν, Καταχωρήστε ετικέτα πρώτοι!
|
MARC
| LEADER | 00000cam a2200000 i 4500 | ||
|---|---|---|---|
| 001 | 1/77917 | ||
| 008 | 960820q19601993gr | ||| |||| ||gre|| | ||
| 035 | |a 1993 |b 1 |c Χιωτάκης |l 10032791 | ||
| 040 | |a GR-MY-UA |b gre |e aacr | ||
| 041 | 0 | |a gre | |
| 082 | 7 | |a 938.509 |2 (22) | |
| 100 | 1 | |a Μακρυγιάννης, Ιωάννης, |d 1797-1864. | |
| 245 | 1 | 0 | |a Απομνημονεύματα / |c Στρατηγού Μακρυγιάννη ; απάνθισμα μελετημάτων: Γ. Θεοτοκά ... [κ.ά] ; ιστορική εισαγωγή: Γιάννη Βλαχογιάννη ; εικόνες: Παν. Ζωγράφου. |
| 260 | |a [Αθήνα] : |b Μπάυρον, |c [χ.χ.]. | ||
| 300 | |a 540 σ. : |b εικ. ; |c 24 εκ. | ||
| 600 | 1 | 0 | |a Μακρυγιάννης, Ιωάννης, |d 1797-1864. |
| 651 | 0 | |a Greece |x History |y War of Independence, 1821-1829 |x Sources. | |
| 700 | 1 | |a Βλαχογιάννης, Γιάννης, |d 1867-1945, |e aui | |
| 700 | 1 | |a Θεοτοκάς, Γιώργος, |d 1905-1966, |e edt | |
| 852 | |a INST |b RHODES |e 19960820 |h 938.509 ΜΑΚ |p 005400009805 |q 005400009805 |t BK |y 0 | ||
| 909 | |a Ρ |b 025827 | ||
| 970 | |z 1996/08 | ||